Pulping characteristics of gmelina arborea grown in plantations in the Solomon Islands

Bibliographic Details
Main Author: PALMER
Format: Book
Published: London : Tropical Development and Research Institute , 1984
Series:Tropical Development and Research Institute; L65
Subjects:

MARC

LEADER 00000cam a2200000 7i4500
001 0000002278
005 20030423.0
020 0 0 |a 0859541762 
090 0 0 |a 634.97396   |b PAL 1984 
100 1 0 |a PALMER   |h E. R. 
245 1 0 |a Pulping characteristics of gmelina arborea grown in plantations in the Solomon Islands   |c E. R. Palmer ... (et al.) 
260 0 0 |a London :   |b Tropical Development and Research Institute ,   |c 1984 
300 |a 20 p. ;   |c 30 cm. 
440 0 0 |a Tropical Development and Research Institute; L65 
650 0 0 |a Gmelina arborea   |z Solomon Islands 
998 |a JPSM 
999 |a 0000003172   |b Monograph   |c Open Shelf   |e Default branch